Widows in India : (Record no. 133)
[ view plain ]
| 000 -LEADER | |
|---|---|
| fixed length control field | 00756pam a2200229 a 4500 |
| 001 - CONTROL NUMBER | |
| control field | 4978825 |
| 005 - DATE AND TIME OF LATEST TRANSACTION | |
| control field | 20231204051530.0 |
| 008 - FIXED-LENGTH DATA ELEMENTS--GENERAL INFORMATION | |
| fixed length control field | 980127s1998 ii a b 001 0 eng |
| 020 ## - INTERNATIONAL STANDARD BOOK NUMBER | |
| ISBN | 8170367034 (India : HB) |
| 020 ## - INTERNATIONAL STANDARD BOOK NUMBER | |
| ISBN | 0761992480 (US : HB) |
| 040 ## - CATALOGING SOURCE (பட்டியலாக்க மூலம்) | |
| Original cataloging agency | DLC |
| Transcribing agency | DLC |
| Modifying agency | DLC |
| 082 00 - DDC Classification | |
| Class No. | 305.48/9654 |
| DDC Edition Number | 21 |
| 245 00 - TITLE STATEMENT | |
| Title | Widows in India : |
| Remainder of title | social neglect and public action / |
| Statement of responsibility, etc. | editor, Martha Alter Chen. |
| 260 ## - PUBLICATION, DISTRIBUTION, ETC. | |
| Place of publication, distribution, etc. | New Delhi ; |
| -- | Thousand Oaks, Calif. : |
| Name of publisher, distributor, etc. | Sage Publications, |
| Date of publication, distribution, etc. | 1998. |
| 300 ## - PHYSICAL DESCRIPTION | |
| Extent (e.g. Volumes, Pages etc.) | 455 p. : |
| 650 #0 - SUBJECT ADDED ENTRY--TOPICAL TERM | |
| Topical term or geographic name entry element | Widows |
| 650 #0 - SUBJECT ADDED ENTRY--TOPICAL TERM | |
| Topical term or geographic name entry element | Widows |
| 700 1# - ADDED ENTRY--PERSONAL NAME | |
| Personal name | Chen, Martha Alter. |
| Relator term (Role) | Editor |
| 856 41 - ELECTRONIC LOCATION AND ACCESS | |
| Uniform Resource Identifier | <a href="http://www.loc.gov/catdir/enhancements/fy0657/98011272-t.html">http://www.loc.gov/catdir/enhancements/fy0657/98011272-t.html</a> |
| 856 42 - ELECTRONIC LOCATION AND ACCESS | |
| Uniform Resource Identifier | <a href="http://www.loc.gov/catdir/enhancements/fy0660/98011272-d.html">http://www.loc.gov/catdir/enhancements/fy0660/98011272-d.html</a> |
| 942 ## - Koha item type (Biblio) | |
| Koha item type | Books in Stacks (Lending) |
| Lost status | Damaged status | Collection code | Home library | Current library | Date acquired | Full call number | Accession Number | Item type |
|---|---|---|---|---|---|---|---|---|
| Lending | WERC Library | WERC Library | 12/04/2023 | 305.48/9654 | 2728 | Books in Stacks (Lending) |
